Central Library OPAC University of Rajshahi

রাষ্ট্রবিজ্ঞান-তত্ত্ব ও পদ্ধতি / (Record no. 47175)

MARC details
000 -LEADER
fixed length control field 00892nam a2200229 a 4500
001 - CONTROL NUMBER
control field 47175
003 - CONTROL NUMBER IDENTIFIER
rucl marc code BD-RjUL
005 - DATE AND TIME OF LATEST TRANSACTION
control field 20211209054254.0
008 - FIXED-LENGTH DATA ELEMENTS--GENERAL INFORMATION
fixed length control field 160807r19921983ii ||||| |||| 00| 0 ben d
020 ## - INTERNATIONAL STANDARD BOOK NUMBER
Terms of availability : IRs.51.00
035 ## - SYSTEM CONTROL NUMBER
System control number (BD-RjUL)47294
040 ## - CATALOGING SOURCE
Original cataloging agency BD-RjUL
Language of cataloging ben
Transcribing agency BD-RjUL
Modifying agency BD-RjUL
041 ## - LANGUAGE CODE
Language code of text/sound track or separate title ben
082 ## - DEWEY DECIMAL CLASSIFICATION NUMBER
Edition number 23
Classification number 320
Author mark and year GHR 1992
100 ## - MAIN ENTRY--PERSONAL NAME
Personal name ঘোষ, পরিমল চন্দ্র
9 (RLIN) 143654
245 10 - TITLE STATEMENT
Title রাষ্ট্রবিজ্ঞান-তত্ত্ব ও পদ্ধতি /
Statement of responsibility, etc. পরিমল চন্দ্র ঘোষ,
260 ## - PUBLICATION, DISTRIBUTION, ETC. (IMPRINT)
Place of publication, distribution, etc. কলিকাতা :
Name of publisher, distributor, etc. পশ্চিমবঙ্গ রাজ্য পুস্তক,
Date of publication, distribution, etc. মুদ্রণ ১৯৯২
300 ## - PHYSICAL DESCRIPTION
Pagination ix, ৩৫৬ পৃ. ;
Size ২৫ সেমি.
650 ## - SUBJECT ADDED ENTRY--TOPICAL TERM
Topical term or geographic name as entry element রাষ্ট্রবিজ্ঞান
9 (RLIN) 143655
Topical term or geographic name as entry element Political Science
9 (RLIN) 143656
942 ## - ADDED ENTRY ELEMENTS (KOHA)
Source of classification or shelving scheme Dewey Decimal Classification
Koha item type Books
Holdings
Lost status Source of classification or shelving scheme Damaged status Not for loan Collection code Permanent Location Current Location Shelving location Date acquired Source of acquisition Total Checkouts Full call number Date last seen Copy number Koha item type Cost, normal purchase price
  Dewey Decimal Classification     Non-fiction Central Library, University of Rajshahi Central Library, University of Rajshahi   01/09/1998 Photocoppy RUCL   B 320 GHR 1992 07/08/2016 C-2 Books  
  Dewey Decimal Classification     Non-fiction Central Library, University of Rajshahi Central Library, University of Rajshahi   01/09/1998 Photocoppy RUCL   B 320 GHR 1992 08/08/2016 C-3 Books  
  Dewey Decimal Classification   Not For Loan Non-fiction Central Library, University of Rajshahi Central Library, University of Rajshahi Reading Room 24/06/1996 Ideal Library, Dhaka   B 320 GHR 1992 17/12/2016 C-1 Books 66.30